000 00499nam a2200193 a 4500
001 13433
003 CO-ViMGA
008 141112s2004 ck r 000 u spa d
020 _a8477226792
040 _aCO-ViMGA
_bspa
_cCO-ViMGA
082 0 4 _aORAj
100 1 _aOram, Hiawyn; Ross, Tony
_919594
245 1 0 _aJenny y el inventor de problemas
260 _aBarcelona :
_bCeac,
_c1998
300 _a28 : il
490 _aLa nube de algodon
650 1 4 _aCUENTOS INFANTILES
_92743
942 _2ddc
_cBK
999 _c24162
_d24162